000 00594nam a22002297a 4500
003 UA-OsUOA
001 92486
007 ta
008 20121219b un ||||| |||| 00| 0 ukr d
100 _aАрсеньєв В. К.
090 _a821.161.1
_bА85
942 _cBK
040 _aUA-OsUOA
_bukr
_cUA-OsUOA
_dUA-OsUOA
245 _aДерсу Узала
_bповість
300 _a232 с.
955 _a3
041 _aukr
080 _a821.161.1
260 _aК.
_bМолодь
_c1984
650 7 _a82 Література. Літературознавство
_2UDC
999 _c378730
_d378730